The Batman Cast - Sudden Death - Statistics

General Stats
  • This quiz has been taken 34 times
  • The average score is 7 of 9
Answers on the Grid
Answers color-coded by a green-red scale on the quiz's grid according to % correct below.
Uma Thurman
John Turturro
Matthew Modine
Danny Trejo
Barry Keoghan
Colin Farrell
Ron Perlman
Andy Serkis
Zoe Kravitz
Doug Jones
Brendan Fraser
Robert Pattinson
Matt Dillon
Mia Goth
Jennifer Jason Leigh
Paul Dano
Michelle Rodriguez
Aaron Paul
Peter Sarsgaard
Jeffrey Wright
 
Answer Stats
Answer % Correct
Robert Pattinson
97%
Zoe Kravitz
91%
Colin Farrell
85%
Paul Dano
85%
Jeffrey Wright
76%
Andy Serkis
73%
John Turturro
64%
Barry Keoghan
58%
Peter Sarsgaard
45%
No matching quizzes found
Score Distribution
Percent of People with Each Score
Percentile by Number Answered
Your Score History
You have not taken this quiz